|
|
|
|
| LEADER |
00000Cam#a22000005a#4500 |
| 003 |
AR-RoUNA |
| 008 |
140529||||||||||||||||| |||| 0|||| d |
| 040 |
|
|
|a AR-RoUNA
|b ita
|
| 041 |
|
|
|a ita
|
| 080 |
|
|
|a 72.03
|
| 092 |
|
|
|l M193
|
| 100 |
1 |
|
|a Maggio Serra,r
|9 16444
|
| 110 |
|
|
|a museo de turin
|9 16445
|
| 245 |
|
|
|a Borgo e rocca. Medioevali. Parco del valentino :
|
| 260 |
|
|
|a Turin :
|b Daniela Piazza
|
| 300 |
|
|
|a 24 p. :
|b fot.
|b dib.
|b planos
|b cortes
|
| 653 |
|
|
|a Museo Egipcio
|
| 653 |
|
|
|a Palacio Real
|
| 653 |
|
|
|a Comuna De Torino
|
| 653 |
|
|
|a Museo Martini De Historia Y Etnologia
|
| 653 |
|
|
|a Historia De La Arquitectura
|
| 653 |
|
|
|a Region Piamontesa
|
| 653 |
|
|
|a Viviendas Historicas
|
| 653 |
|
|
|a Castillos Feudales
|
| 653 |
|
|
|a Museo Del Automovil
|
| 653 |
|
|
|a Galeria Sabauda
|
| 653 |
|
|
|a Museo Historico Nacional De La Artilleria
|
| 653 |
|
|
|a Museo De La Marionetta
|
| 653 |
|
|
|a Armeria Real
|
| 653 |
|
|
|a Palacio Madama
|
| 653 |
|
|
|a 1887
|
| 653 |
|
|
|a Museo Nacional Del Resurgimiento Italiano
|
| 653 |
|
|
|a Museos
|
| 653 |
|
|
|a Artes
|
| 653 |
|
|
|a 1884
|
| 653 |
|
|
|a Gelerias
|
| 653 |
|
|
|a Galeria Civica De Arte Moderno
|
| 653 |
|
|
|a Siglo 15
|
| 653 |
|
|
|a Capillas
|
| 653 |
|
|
|a Castillos
|
| 653 |
|
|
|a Industrias
|
| 653 |
|
|
|a D'andrade,alfredo
|
| 653 |
|
|
|a Brayda,ricardo
|
| 653 |
|
|
|a Parco Del Valentino
|
| 930 |
|
|
|c 11
|e 6298
|
| 942 |
|
|
|2 cdu
|
| 999 |
|
|
|c 1786
|d 1786
|